000 00316nam a2200121Ia 4500
008 240731s9999 xx 000 0 und d
022 _a2158-978X
245 0 _aAgenda : Empowering women for gender equity
260 _bRoutledge
856 _uhttps://www.tandfonline.com/loi/ragn20
942 _2ddc
942 _cTFEJ
999 _c75221
_d75221
945 _a1
_bMadushi Gamage
_c1
_dMadushi Gamage